Movies Quiz

Random Movies or Letter Quiz

Last 25 Years: 'I' Movies Quiz Stats

 Plays Quiz Updated Jan 2, 2019

Challenge
Share
Tweet
Score 0/25 Timer 08:00
5 Plays Today
% Correct
Ice Age: Continental Drift
97.6%
The Incredibles
95%
Inception
85.4%
Inside Out
84.5%
Iron Man
81.3%
Interstellar
78.5%
Independence Day
78.5%
The Iron Lady
77.4%
Inglourious Basterds
69.9%
I Know What You Did Last Summer
66.1%
Interview with the Vampire
64.3%
I Am Sam
51.9%
Into the Wild
49.2%
% Correct
Isle of Dogs
48.1%
The Island
38.5%
The Illusionist
35.2%
Insomnia
32.6%
Inside Llewyn Davis
24.7%
Intolerable Cruelty
23.4%
The Insider
20.6%
It Takes Two
14.1%
It
12.7%
Inferno
11.7%
In the Mood for Love
5.1%
The Idiots
2.6%

You're not logged in!

Compare scores with friends on all Sporcle quizzes.
OR
Log In

You Might Also Like...

Show Comments

Extras

Top Quizzes Today


Score Distribution

Your Account Isn't Verified!

In order to create a playlist on Sporcle, you need to verify the email address you used during registration. Go to your Sporcle Settings to finish the process.

Report this User

Report this user for behavior that violates our Community Guidelines.

Details: